الرحلة الأولى للبحث عن ينابيع البحر الأبيض (النيل الأبيض) : (Record no. 25080)

MARC details
000 -الفاتح
حقل البيانات ثابتة الطول 01582nam a2200337 i 4500
003 - محدد رقم الضبط
رقم الضبط EG-ScBUE
005 - وقت وتاريخ اخر تعامل مع التسجيلة
رقم الضبط 20231008093311.0
008 - عناصر البيانات ثابتة الطول - معلومات عامة
حقل البيانات ثابتة الطول 170727s1996 ua a f 000 0 ara d
040 ## - مصدر الفهرسة
وكالة الفهرسة الأصلية EG-ScBUE
لغة الفهرسة ara
قواعد الوصف rda
وكالة النسخ EG-ScBUE
وكالة التعديل EG-ScBUE
041 1# - رمز اللغة
رمز لغة النص/ المسارات الصوتية أو العنوان الانفرادي ara
رمز لغة الترجمات و/او الاصلية المتوسطة للنص fre
043 ## - رمز المنطقة الجغرافية
رمز المنطقة الجغرافية f-ua---
-- f-sj---
082 04 - رقم تصنيف ديوى العشرى
رقم التصنيف 916.24043
رقم المادة ق ب و
رقم الطبعة 22
100 1# - المدخل الرئيسى - إسم شخصى
الإسم الشخصى قبودان، سليم،
الدور مؤلف.
245 12 - بيان العنوان
العنوان الرحلة الأولى للبحث عن ينابيع البحر الأبيض (النيل الأبيض) :
بقية العنوان الصادر بها أمر ساكن الجنان محمد على والي مصر بقيادة ربان الفرقاطة البكباشي سليم قبودان /
بيان المسئوليه,etc سليم قبودان، جومار ؛ نقلها إلى اللغة العربية محمد مسعود.
250 ## - بيان الطبعة
بيان الطبعة الطبعة الثانية.
264 #1 - النشر، التوزيع
مكان الناشر او الموزع القاهرة :
اسم الناشر او الموزع مكتبة مدبولي،
تاريخ النشر أو التوزيع 1996.
300 ## - الوصف المادى
التعداد 89 صفحة :
تفاصيل ماديه اخرى للوعاء جداول ؛
أبعاد الوعاء 24 سم.
336 ## - نوع المحتوى
source rdacontent
Carrier Type Term نص
Content Type Code txt
337 ## - نوع الوسيط
source rdamedia
Media Type Term بدون وسيط
Media Type Code n
338 ## - نوع الحامل أو الناقل
source rdacarrier
Carrier Type Term مجلد
Carrier Type Code nc
490 0# - بيان السلسلة
عنوان السلسلة صفحات من تاريخ مصر ؛
رقم المجلد/ التعيين التسلسلي 21
546 ## - تبصرة اللغة
تبصرة اللغة النص مترجم إلى اللغة العربية.
651 #7 - المدخل الاضافى بالموضوع - اسم جغرافى
الاسم الجغرافي مصر
التقسيم الفرعي العام تاريخ
التقسيم الفرعي الزمني محمد علي، 1805-1849.
مصدر الرأس أو المصطلح BUEsh
651 #7 - المدخل الاضافى بالموضوع - اسم جغرافى
الاسم الجغرافي السودان
التقسيم الفرعي العام وصف ورحلات
التقسيم الفرعي الجغرافي مصر.
مصدر الرأس أو المصطلح BUEsh
651 #7 - المدخل الاضافى بالموضوع - اسم جغرافى
الاسم الجغرافي النيل الأبيض (السودان)
التقسيم الفرعي العام وصف ورحلات.
مصدر الرأس أو المصطلح BUEsh
653 ## - مصطلح تكشيفى غير مقيد
Resource For college Generalities
-- BAEPS, Political Science
Arrived date list July2017
655 ## - مصطلح تكشيفى-نوع/شكل
التقسيم الفرعي الشكلي Reading book
700 1# - المدخل الاضافى - اسم شخصى
الإسم الشخصى مسعود، محمد،
الدور مترجم.
700 1# - المدخل الاضافى - اسم شخصى
الإسم الشخصى جومار،
التواريخ المصاحبة للاسم 1777-1862.
942 ## - عناصر المدخل الإضافي( كوها)
مصدر التصنيف او مخطط الترفيف Dewey Decimal Classification
Holdings
حالة التراجع حالة الفقد مصدر التصنيف او خطة الترفيف حالة تلف ليس للاعارة مجموعات كوها المكان الدائم المكان الحالي موقع الترفيف تاريخ الاكتساب Source of acquisition تعداد مسلسل / التسلسل الزمني رقم الاستدعاء الباركود Date last seen نوع الوعاء
    Dewey Decimal Classification     Madboly Central Library Central Library Second Floor 27/07/2017 Purchase 04183 916.24043 ق ب و 000034302 15/07/2025 Book - Borrowing